01489cam a22003254a 450000100090000000300040000900500170001300800410003001000170007102000280008804000180011604200080013408200160014210000160015824500990017426000680027330000210034150001090036250400660047150502840053765000180082165000150083965000240085470000410087885600770091990600450099694200120104199900150105395200950106813868711OSt20230620145851.0050211s2005 enk b 001 0 eng  a 2005004125 a0754644863 (alk. paper) aDLCcDLCdDLC apcc00a323.01bERM1 aErman, Eva.10aHuman rights and democracy :bdiscourse theory and global rights institutions /cby Eva Erman. aAldershot, Hampshire ;aBurlington, VT, USA :bAshgate,cc2005. a243 p. ;c24 cm. aRevision of the author's thesis (doctoral) originally presented under the title: Action and institution. aIncludes bibliographical references (p. [231]-238) and index.0 aThe interdependence of human rights and democracy -- The absence of political rights in the rights discourse -- A discourse theory based on action rules of language -- Legitimizing rights through democratic means -- Towards an institutional design -- The reflexive use of rights. 0aHuman rights. 0aDemocracy. 0aDiscourse analysis.1 aErman, Eva.tAction and institution.413Table of contentsuhttp://www.loc.gov/catdir/toc/ecip058/2005004125.html a7bcbccorignewd1eecipf20gy-gencatlg 2ddccBK c1827d1827 00102ddc4070a002b002d2023-06-20l0o323.01 ERMp10013911r2023-06-20w2023-06-20yBK